[Event "SportAccord Blitz w 2014"]
[Site "Beijing CHN"]
[Date "2014.12.13"]
[Round "6.3"]
[White "Gunina, Valentina"]
[Black "Dzagnidze, Nana"]
[Result "1-0"]
[WhiteTitle "GM"]
[BlackTitle "GM"]
[WhiteElo "2522"]
[BlackElo "2570"]
[WhiteFideId "4167570"]
[BlackFideId "13601903"]
[EventDate "2014.12.13"]

1. Nf3 Nf6 2. g3 c5 3. Bg2 Nc6 4. O-O g6 5. c4 d6 6. d4 cxd4 7. Nxd4 Bd7 8. Nc3
Bg7 9. b3 O-O 10. Bb2 a6 11. e3 Rc8 12. Rc1 Nxd4 13. exd4 b5 14. cxb5 axb5 15.
b4 Rc4 16. a3 Qb6 17. Qe2 e6 18. d5 e5 19. Nb1 Rfc8 20. Rxc4 Rxc4 21. Qd1 Bf5
22. Nc3 Bh6 23. Qe2 Bg4 24. Bf3 Bxf3 25. Qxf3 Kg7 26. Qe2 Qb7 27. Rd1 Qc8 28.
Qd3 Rd4 29. Qe2 Rxd1+ 30. Nxd1 Nxd5 31. Qxb5 Nf6 32. Qd3 Qe6 33. b5 d5 34. a4 d4
35. f4 Nd7 36. fxe5 Nxe5 37. Bxd4 f6 38. Bxe5 Qxe5 39. b6 Qc5+ 40. Kg2 Qxb6 41.
Qd7+ Kh8 42. Nf2 Be3 43. Ne4 Bd4 44. Nd6 Qc5 45. Qe8+ Kg7 46. Qe7+ Kg8 47. Qf7+
Kh8 48. Qf8# 1-0

[Event "SportAccord Blitz w 2014"]
[Site "Beijing CHN"]
[Date "2014.12.13"]
[Round "6.4"]
[White "Ju, Wenjun"]
[Black "Zhao, Xue"]
[Result "0-1"]
[WhiteTitle "GM"]
[BlackTitle "GM"]
[WhiteElo "2568"]
[BlackElo "2514"]
[WhiteFideId "8603006"]
[BlackFideId "8601283"]
[EventDate "2014.12.13"]

1. c4 Nf6 2. g3 g6 3. Bg2 c5 4. Nf3 Bg7 5. Nc3 O-O 6. d4 cxd4 7. Nxd4 Nc6 8. O-O
Nxd4 9. Qxd4 d6 10. Qd3 Bf5 11. e4 Bd7 12. b3 Bc6 13. Bb2 Rc8 14. Rab1 Qa5 15.
a3 Bd7 16. h3 Be6 17. Rfe1 Rfe8 18. Nb5 a6 19. Bc3 Qb6 20. Nd4 Bd7 21. Kh2 Qc5
22. a4 b5 23. axb5 axb5 24. Nxb5 Bxb5 25. Bxf6 Bxf6 26. cxb5 Qxf2 27. Re2 Qb6
28. Rf1 Rc3 29. Qd5 Rc5 30. Qd3 Rxb5 31. Rf3 Rc5 32. Qb1 Rec8 33. Qf1 Rc1 34.
Re1 R1c3 35. Rd1 Qxb3 36. Rdd3 Rxd3 37. Qxd3 Qxd3 38. Rxd3 Be5 39. h4 h5 40. Kh3
Rc1 41. Bf3 Kg7 42. Rb3 Rc2 43. Ra3 Rf2 44. Rb3 Bd4 45. Rd3 Bc5 46. Bg2 Rc2 47.
Rb3 Kf6 48. Rf3+ Ke6 49. Kh2 f6 50. Kh3 Ke5 51. Rb3 g5 52. hxg5 fxg5 53. Rd3 g4+
54. Kh2 e6 55. Rd1 Rc3 56. Rf1 Ra3 57. Rf7 Be3 58. Kh1 Bd2 59. Rh7 Rxg3 60.
Rxh5+ Kd4 61. Rh8 Ra3 62. Rf8 g3 63. Rf1 Ke5 64. Rd1 Be3 65. Rb1 Ra2 66. Rb5+
Kf4 67. Rb1 Rc2 68. Rf1+ Ke5 69. Rb1 Rc1+ 70. Rxc1 Bxc1 71. Bf3 Bf4 72. Kg1 d5
73. exd5 exd5 74. Kf1 Kd4 75. Ke2 Kc4 76. Bg2 d4 77. Be4 Kc3 78. Kd1 d3 79. Bg2
Kd4 80. Bc6 Ke3 81. Ke1 Bd6 82. Bd5 Bb4+ 83. Kd1 Kf2 84. Be4 d2 0-1

[Event "SportAccord Blitz w 2014"]
[Site "Beijing CHN"]
[Date "2014.12.13"]
[Round "6.5"]
[White "Koneru, Humpy"]
[Black "Muzychuk, Mariya"]
[Result "1-0"]
[WhiteTitle "GM"]
[BlackTitle "IM"]
[WhiteElo "2581"]
[BlackElo "2529"]
[WhiteFideId "5008123"]
[BlackFideId "14114550"]
[EventDate "2014.12.13"]

1. d4 d5 2. c4 c6 3. Nf3 Nf6 4. e3 Bg4 5. cxd5 cxd5 6. Nc3 e6 7. Qb3 Qc8 8. Ne5
Bf5 9. Bb5+ Nc6 10. Qa4 Nd7 11. Nxc6 bxc6 12. Bxc6 Rb8 13. Bb5 Rb6 14. O-O a6
15. Bxd7+ Qxd7 16. Qxd7+ Kxd7 17. b3 Bb4 18. Bb2 Rc8 19. Na4 Rbc6 20. a3 Bd6 21.
b4 Bd3 22. Rfc1 Rxc1+ 23. Rxc1 Rxc1+ 24. Bxc1 Kc6 25. Nc5 Bc4 26. f4 a5 27. Bd2
axb4 28. Bxb4 Kb5 29. Kf2 Bxc5 30. dxc5 f6 31. Ke1 h5 32. g3 Bd3 33. Kd2 Bf1 34.
Kc3 Be2 35. Kb3 Bd1+ 36. Kc3 Be2 37. h4 Bd1 38. Kd4 Bf3 39. Bc3 Bd1 40. Bb2 Kc6
41. Bc3 Kb5 42. Bd2 Kc6 43. Ba5 Kb5 44. Bd8 Bb3 45. Be7 Bc2 46. Bf8 g6 47. Be7
f5 1-0

[Event "SportAccord Blitz w 2014"]
[Site "Beijing CHN"]
[Date "2014.12.13"]
[Round "6.6"]
[White "Stefanova, Antoaneta"]
[Black "Cramling, Pia"]
[Result "1-0"]
[WhiteTitle "GM"]
[BlackTitle "GM"]
[WhiteElo "2517"]
[BlackElo "2518"]
[WhiteFideId "2902257"]
[BlackFideId "1700030"]
[EventDate "2014.12.13"]

1. Nf3 Nf6 2. g3 b5 3. Bg2 Bb7 4. O-O e6 5. d3 d5 6. Nbd2 c5 7. e4 Be7 8. e5
Nfd7 9. Re1 Nc6 10. Nf1 g5 11. h3 h5 12. N1h2 Rg8 13. g4 h4 14. c3 Qc7 15. d4 c4
16. Bd2 a5 17. Qc1 Qd8 18. b3 Rb8 19. Nf1 Ba6 20. Rb1 cxb3 21. axb3 Rc8 22. Ne3
Qb6 23. Nc2 Qd8 24. Bf1 Nf8 25. Ra1 Kd7 26. Bd3 Ra8 27. Be3 Kc8 28. Na3 Bxa3 29.
Rxa3 Kb7 30. Bxg5 Qb6 31. Bxh4 Ng6 32. Bg3 b4 33. Bxa6+ Rxa6 34. Ra1 Rc8 35. Re3
Raa8 36. Qd2 bxc3 37. Rxc3 Nb4 38. Rac1 Qd8 39. Rc5 Qb6 40. Rxc8 Rxc8 41. Rxc8
Kxc8 42. h4 1-0

[Event "SportAccord Blitz w 2014"]
[Site "Beijing CHN"]
[Date "2014.12.13"]
[Round "6.7"]
[White "Paehtz, Elisabeth"]
[Black "Khotenashvili, Bela"]
[Result "1-0"]
[WhiteTitle "IM"]
[BlackTitle "GM"]
[WhiteElo "2485"]
[BlackElo "2504"]
[WhiteFideId "4641833"]
[BlackFideId "13602640"]
[EventDate "2014.12.13"]

1. e4 c6 2. d4 d5 3. Nc3 dxe4 4. Nxe4 Bf5 5. Ng3 Bg6 6. Nh3 Nf6 7. Bc4 e6 8. O-O
Bd6 9. f4 Qc7 10. Kh1 Nbd7 11. f5 exf5 12. Qe2+ Kd8 13. Nxf5 Re8 14. Be3 Nb6 15.
Nxg7 Rxe3 16. Qxe3 Nxc4 17. Qe2 Bf8 18. Rxf6 Bxg7 19. Rxg6 hxg6 20. Qxc4 Qd7 21.
Rf1 f5 22. Qg8+ Kc7 23. Qxa8 Bxd4 24. Qg8 Qd6 25. Nf4 Be5 26. Qf7+ Kb6 27. Qb3+
Kc7 28. Qe3 g5 29. Nd3 Bxh2 30. Qxg5 Bg3 31. Qxf5 Qh6+ 32. Qh3 Qg5 33. Nc1 Kb6
34. Ne2 Bd6 35. Qf3 Qh4+ 36. Qh3 Qg5 37. Ng1 a5 38. Nf3 Qf4 39. Qh4 Qf5 40. Qf2+
Ka6 41. Qe2+ b5 42. Qf2 Qh5+ 43. Qh4 Qf5 44. Rd1 Bc7 45. Qh3 Qxc2 46. Qd7 Kb6
47. Qd4+ Kb7 48. Qd2 Qc4 49. b3 Qg4 50. Qh6 Qe4 51. Rc1 b4 52. Qh3 Qe3 53. Re1
Qf4 54. Qh4 Qf5 55. Rd1 Qc2 56. Qd4 Qxa2 57. Qc4 Qf2 58. Rc1 Qb6 59. Nd4 c5 60.
Qd5+ Kc8 61. Qe6+ Kb7 62. Qxb6+ Kxb6 63. Ne6 Bd6 64. Kg1 Kb5 65. Kf1 a4 66.
bxa4+ Kxa4 67. Nxc5+ Ka3 68. Ne4 Be5 69. Nc5 Bf4 70. Rd1 Be3 71. Nd3 b3 72. Ke2
Bd4 73. g4 1-0

[Event "SportAccord Blitz w 2014"]
[Site "Beijing CHN"]
[Date "2014.12.13"]
[Round "7.1"]
[White "Khotenashvili, Bela"]
[Black "Ushenina, Anna"]
[Result "1/2-1/2"]
[WhiteTitle "GM"]
[BlackTitle "GM"]
[WhiteElo "2504"]
[BlackElo "2494"]
[WhiteFideId "13602640"]
[BlackFideId "14110911"]
[EventDate "2014.12.13"]

1. Nf3 d5 2. g3 c6 3. Bg2 Bg4 4. c4 Nf6 5. Ne5 Be6 6. cxd5 Bxd5 7. Nf3 e6 8. Nc3
Bc4 9. d3 Ba6 10. O-O Nbd7 11. Rb1 Be7 12. b4 O-O 13. a4 Rc8 14. Bd2 b6 15. b5
Bb7 16. d4 c5 17. e3 Ne4 18. Rc1 Nxd2 19. Qxd2 Bf6 20. Rfd1 cxd4 21. exd4 Qe7
22. h4 h6 23. Ne1 Bxg2 24. Nxg2 Rfd8 25. Nf4 Nc5 26. Qa2 Rxd4 27. Rxd4 Bxd4 28.
Nce2 Bf6 29. a5 Qd7 30. axb6 axb6 31. Qb1 Rd8 32. Kg2 e5 33. Nh3 Qd3 34. Qxd3
Rxd3 35. Ra1 Rb3 36. Ra8+ Kh7 37. Nhg1 Rxb5 38. Nc3 Rb2 39. Nd5 Nd3 40. Nh3 b5
41. Kf3 e4+ 42. Kxe4 Nxf2+ 43. Nxf2 Rxf2 44. Rb8 Rb2 45. Nxf6+ gxf6 46. Kf5 Kg7
47. Kg4 Rb3 48. Kf4 h5 49. Rb7 Kg6 50. Rb6 Rb4+ 51. Kf3 Kf5 52. Rb7 Rb3+ 53. Kg2
Kg4 54. Kf2 Rb2+ 55. Ke3 Rb3+ 56. Kf2 Rxg3 57. Rxb5 Rf3+ 58. Kg2 f5 59. Rb7 Rg3+
60. Kf2 Rc3 61. Rxf7 Rc2+ 62. Kf1 Rc5 63. Rg7+ Kxh4 64. Kf2 Rc4 65. Kf3 Kh3 66.
Rg5 h4 67. Rxf5 Rc3+ 68. Kf2 Rc2+ 69. Kf1 Kg3 70. Rg5+ Kh2 71. Rg8 h3 72. Rg7
Rc3 73. Kf2 Rc5 74. Rg8 Rf5+ 75. Ke2 Rf6 76. Rg7 Kh1 77. Rg8 Rf7 78. Rg6 Re7+
79. Kf2 Rf7+ 80. Ke2 Kh2 81. Rg8 Rc7 82. Kf2 Rc2+ 83. Kf1 Rg2 84. Rh8 Rg3 85.
Kf2 Rg4 86. Rh7 Rf4+ 87. Ke2 Kg2 88. Rg7+ Kh1 89. Rg8 Rf6 90. Rg7 h2 91. Rg8 Rc6
92. Kf2 Rc2+ 93. Kf1 Rd2 94. Rg7 Rd1+ 95. Kf2 Rg1 96. Rh7 Rg5 97. Ra7 Rf5+ 98.
Kg3 Rg5+ 99. Kf2 Rg8 100. Rf7 Rg2+ 101. Kf1 Rg4 102. Rf8 Rg5 103. Rf7 Re5 104.
Rf8 1/2-1/2

[Event "SportAccord Blitz w 2014"]
[Site "Beijing CHN"]
[Date "2014.12.13"]
[Round "7.2"]
[White "Cramling, Pia"]
[Black "Paehtz, Elisabeth"]
[Result "1-0"]
[WhiteTitle "GM"]
[BlackTitle "IM"]
[WhiteElo "2518"]
[BlackElo "2485"]
[WhiteFideId "1700030"]
[BlackFideId "4641833"]
[EventDate "2014.12.13"]

1. d4 e6 2. Nf3 c5 3. e3 b6 4. Bd3 Nf6 5. O-O Bb7 6. c4 g6 7. d5 exd5 8. cxd5
Bg7 9. e4 O-O 10. Re1 d6 11. Nbd2 Nbd7 12. h3 Qc7 13. a4 a6 14. Qb3 Rfe8 15. Nc4
Nh5 16. Bd2 Rab8 17. g4 Nhf6 18. Bf4 Bf8 19. Qc2 b5 20. axb5 axb5 21. Na5 c4 22.
Bf1 Nc5 23. Nxb7 Qxb7 24. Bg5 Nfxe4 25. Be3 Bg7 26. Rad1 Nb3 27. Bg2 Nec5 28.
Bf4 Rxe1+ 29. Nxe1 Rd8 30. Nf3 Nd3 31. Rxd3 Na1 32. Qd1 cxd3 33. Qxa1 Qxd5 34.
Ne1 Qd4 35. Be3 Qxb2 36. Qxb2 Bxb2 37. Nxd3 Bc3 38. Bd5 b4 39. Nc1 Kg7 40. Kf1
f5 41. Na2 Rc8 42. Nxc3 bxc3 43. gxf5 c2 44. Bc1 gxf5 45. Ke2 Kf6 46. Bb2+ Kg5
47. Kd2 Kh4 48. Be6 Rf8 49. Kxc2 Kxh3 50. Kd2 Kg2 51. Bg7 Rg8 52. Bxg8 Kxf2 53.
Bh6 Kg3 54. Ke3 Kh4 55. Kf4 Kh5 56. Bf8 h6 57. Bf7+ Kh4 58. Be7+ Kh3 59. Bxd6 h5
60. Bxh5 Kg2 1-0

[Event "SportAccord Blitz w 2014"]
[Site "Beijing CHN"]
[Date "2014.12.13"]
[Round "7.3"]
[White "Muzychuk, Mariya"]
[Black "Stefanova, Antoaneta"]
[Result "1-0"]
[WhiteTitle "IM"]
[BlackTitle "GM"]
[WhiteElo "2529"]
[BlackElo "2517"]
[WhiteFideId "14114550"]
[BlackFideId "2902257"]
[EventDate "2014.12.13"]

1. e4 e5 2. Nf3 Nc6 3. Bc4 Bc5 4. O-O Nf6 5. d3 O-O 6. c3 d6 7. a4 a6 8. Re1 Bg4
9. h3 Bh5 10. Nbd2 Re8 11. Nf1 Bb6 12. Ng3 Bg6 13. Bg5 h6 14. Bh4 Nb8 15. d4
Nbd7 16. Qb3 Qc8 17. dxe5 dxe5 18. Nf5 Nc5 19. Qa3 Nfxe4 20. Rxe4 Qxf5 21. Re2
e4 22. Nd4 Qh5 23. Bg3 Nd3 24. Re3 Rad8 25. Qb3 Qg5 26. Rd1 Nc5 27. Qc2 h5 28.
h4 Qf6 29. b4 Nd3 30. Qb3 Bxd4 31. cxd4 Rxd4 32. Bxd3 Red8 33. Bc2 Rxd1+ 34.
Bxd1 Qa1 35. Re1 Rd3 36. Qc2 e3 37. Qe2 Rd2 38. Qxe3 Rxd1 39. Qe8+ Kh7 40. Rxd1
Qxd1+ 41. Kh2 Qxa4 42. Qxa4 1-0

[Event "SportAccord Blitz w 2014"]
[Site "Beijing CHN"]
[Date "2014.12.13"]
[Round "7.4"]
[White "Zhao, Xue"]
[Black "Koneru, Humpy"]
[Result "1-0"]
[WhiteTitle "GM"]
[BlackTitle "GM"]
[WhiteElo "2514"]
[BlackElo "2581"]
[WhiteFideId "8601283"]
[BlackFideId "5008123"]
[EventDate "2014.12.13"]

1. d4 Nf6 2. c4 e6 3. Nf3 Bb4+ 4. Nbd2 O-O 5. a3 Bxd2+ 6. Qxd2 b6 7. e3 Ba6 8.
Be2 d5 9. b3 c5 10. O-O dxc4 11. bxc4 Nc6 12. dxc5 bxc5 13. Rd1 Qxd2 14. Bxd2
Rab8 15. Rab1 Ne4 16. Be1 Rxb1 17. Rxb1 Nd6 18. Rd1 Rd8 19. Rc1 Kf8 20. Kf1 Rb8
21. Nd2 g5 22. f3 Rb2 23. Bd3 Ne5 24. Bg3 Rxd2 25. Bxe5 Rxd3 26. Ke2 Nxc4 27.
Kxd3 Nxe5+ 28. Kc3 Ke7 29. a4 Nc6 30. Kb3 Bd3 31. Rxc5 Kd6 32. Rxg5 f6 33. Rg7
a5 34. Kc3 Bg6 35. h4 Ne5 36. Ra7 Nc6 37. Ra8 Kc5 38. Rc8 Kd6 39. Ra8 Kc5 40. g4
Ne5 41. Rxa5+ Kb6 42. Rb5+ Kc6 43. h5 Be8 44. g5 Kd6 45. gxf6 Bxb5 46. axb5 Nd7
47. f7 Ke7 48. Kb4 Kxf7 49. Ka5 Kf6 50. Ka6 Kg5 51. Kb7 Kxh5 52. Kc7 Nc5 53. Kd6
Na4 54. Kxe6 Kh4 55. f4 h5 56. f5 Kg5 57. f6 Nc5+ 58. Ke7 h4 59. f7 h3 60. f8=Q 1-0

[Event "SportAccord Blitz w 2014"]
[Site "Beijing CHN"]
[Date "2014.12.13"]
[Round "7.5"]
[White "Dzagnidze, Nana"]
[Black "Ju, Wenjun"]
[Result "1-0"]
[WhiteTitle "GM"]
[BlackTitle "GM"]
[WhiteElo "2570"]
[BlackElo "2568"]
[WhiteFideId "13601903"]
[BlackFideId "8603006"]
[EventDate "2014.12.13"]

1. c4 Nf6 2. Nc3 g6 3. Nf3 Bg7 4. g3 O-O 5. Bg2 c5 6. O-O Nc6 7. d3 d6 8. a3 Rb8
9. Rb1 b6 10. b4 Bb7 11. e4 e6 12. Bg5 h6 13. Bd2 Nd7 14. Qc1 Kh7 15. Ne2 Nde5
16. Nxe5 Nxe5 17. Qc2 f5 18. Nf4 Qd7 19. Bc3 Qf7 20. Ne2 fxe4 21. dxe4 Nf3+ 22.
Kh1 g5 23. Rbd1 Qh5 24. h3 g4 25. h4 Qg6 26. Bxg7 Kxg7 27. Rxd6 Bxe4 28. Qc3+
Kg8 29. Qe3 Rbd8 30. Nf4 Qf5 31. Rxe6 Bb7 1-0

[Event "SportAccord Blitz w 2014"]
[Site "Beijing CHN"]
[Date "2014.12.13"]
[Round "7.6"]
[White "Muzychuk, Anna"]
[Black "Gunina, Valentina"]
[Result "0-1"]
[WhiteTitle "GM"]
[BlackTitle "GM"]
[WhiteElo "2545"]
[BlackElo "2522"]
[WhiteFideId "14111330"]
[BlackFideId "4167570"]
[EventDate "2014.12.13"]

1. e4 c6 2. d4 d5 3. Nc3 dxe4 4. Nxe4 Bf5 5. Ng3 Bg6 6. Nf3 Nd7 7. Bd3 Bxd3 8.
Qxd3 e6 9. O-O Ngf6 10. Bf4 Be7 11. c4 O-O 12. Rfe1 Re8 13. Rad1 Nf8 14. Be5
N6d7 15. Qc3 Nxe5 16. dxe5 Qb6 17. a3 Ng6 18. Ne4 c5 19. g3 Qc6 20. h4 h6 21. h5
Nf8 22. Qe3 Nh7 23. Nh2 Rad8 24. f4 Rd4 25. Rxd4 cxd4 26. Qd3 Rc8 27. Rc1 f5 28.
exf6 Nxf6 29. Nxf6+ Bxf6 30. Nf3 Qc5 31. g4 e5 32. fxe5 Bxe5 33. Re1 Bf4 34. Re6
Be3+ 35. Kg2 b5 36. Ne5 bxc4 37. Qg6 Qd5+ 38. Kg3 Rf8 39. Re8 Bf4+ 40. Kf2 Bxe5+ 0-1

[Event "SportAccord Blitz w 2014"]
[Site "Beijing CHN"]
[Date "2014.12.13"]
[Round "7.7"]
[White "Kosintseva, Tatiana"]
[Black "Harika, Dronavalli"]
[Result "1-0"]
[WhiteTitle "GM"]
[BlackTitle "GM"]
[WhiteElo "2483"]
[BlackElo "2505"]
[WhiteFideId "4133471"]
[BlackFideId "5015197"]
[EventDate "2014.12.13"]

1. e4 c5 2. Nf3 Nc6 3. Bb5 e5 4. Nc3 Bd6 5. Bc4 Nge7 6. d3 O-O 7. a3 a6 8. O-O
b5 9. Ba2 Nd4 10. Nd5 Nxd5 11. Bxd5 Rb8 12. c3 Nxf3+ 13. Qxf3 Bb7 14. Bxb7 Rxb7
15. c4 Be7 16. Qg3 d6 17. f4 exf4 18. Qxf4 Bf6 19. Rb1 Qe7 20. b4 bxc4 21. dxc4
Rfb8 22. Bd2 Qe6 23. Rfc1 Be5 24. Qf3 h6 25. Qd3 cxb4 26. axb4 Rc8 27. b5 axb5
28. cxb5 Rxc1+ 29. Rxc1 Qa2 30. Be3 Kh7 31. b6 Rb8 32. Rf1 Qe6 33. Qd5 Kg8 34.
Rb1 Qxd5 35. exd5 Rb7 36. Rc1 Kf8 37. Rc7 Rb8 38. b7 1-0

[Event "SportAccord Blitz w 2014"]
[Site "Beijing CHN"]
[Date "2014.12.13"]
[Round "8.1"]
[White "Ju, Wenjun"]
[Black "Muzychuk, Anna"]
[Result "0-1"]
[WhiteTitle "GM"]
[BlackTitle "GM"]
[WhiteElo "2568"]
[BlackElo "2545"]
[WhiteFideId "8603006"]
[BlackFideId "14111330"]
[EventDate "2014.12.13"]

1. d4 Nf6 2. c4 e6 3. g3 c5 4. Nf3 cxd4 5. Nxd4 Nc6 6. Bg2 Qb6 7. Nb5 Ne5 8. Bf4
d6 9. b3 a6 10. N5c3 Be7 11. O-O O-O 12. h3 Qc7 13. Nd2 Rb8 14. Rc1 b6 15. Qc2
Bb7 16. e4 Nfd7 17. Be3 Nc5 18. Rcd1 Rfd8 19. f4 Nc6 20. a3 Bf6 21. Ne2 Rbc8 22.
b4 Nd7 23. Rc1 Qb8 24. Qa2 b5 25. g4 h6 26. Rc2 bxc4 27. Nxc4 d5 28. exd5 exd5
29. Bxd5 Nxb4 30. Bxf7+ Kxf7 31. Ne5+ Ke7 32. Qf7+ Kd6 33. Rd1+ Nd5 34. Nc4+
Rxc4 35. Rxc4 Rf8 36. Qg6 Qe8 37. Rd3 Qxg6 38. f5 Qe8 39. Kf2 Ne5 40. Bf4 Qb5
41. Rcd4 Ke7 42. Bxe5 Bxe5 0-1

[Event "SportAccord Blitz w 2014"]
[Site "Beijing CHN"]
[Date "2014.12.13"]
[Round "8.2"]
[White "Koneru, Humpy"]
[Black "Dzagnidze, Nana"]
[Result "0-1"]
[WhiteTitle "GM"]
[BlackTitle "GM"]
[WhiteElo "2581"]
[BlackElo "2570"]
[WhiteFideId "5008123"]
[BlackFideId "13601903"]
[EventDate "2014.12.13"]

1. Nf3 Nf6 2. c4 e6 3. Nc3 d5 4. d4 dxc4 5. e4 Bb4 6. Bg5 c5 7. e5 cxd4 8. Qa4+
Nc6 9. O-O-O Bd7 10. Ne4 Be7 11. exf6 gxf6 12. Bh4 a6 13. Qxc4 e5 14. Nxe5 Nxe5
15. Qxd4 O-O 16. Be2 Qc8+ 17. Kb1 Bf5 18. f3 Qe6 19. Ka1 Rac8 20. g4 Bg6 21. f4
Rfd8 22. Qe3 0-1

[Event "SportAccord Blitz w 2014"]
[Site "Beijing CHN"]
[Date "2014.12.13"]
[Round "8.3"]
[White "Stefanova, Antoaneta"]
[Black "Zhao, Xue"]
[Result "1-0"]
[WhiteTitle "GM"]
[BlackTitle "GM"]
[WhiteElo "2517"]
[BlackElo "2514"]
[WhiteFideId "2902257"]
[BlackFideId "8601283"]
[EventDate "2014.12.13"]

1. d4 Nf6 2. Nf3 b5 3. e3 a6 4. a4 b4 5. c4 bxc3 6. bxc3 e6 7. Bd3 c5 8. O-O Bb7
9. Nbd2 Nc6 10. Ba3 Be7 11. Bxc5 Bxc5 12. dxc5 Qa5 13. Nb3 Qc7 14. a5 O-O 15.
Qc2 h6 16. Rfd1 Rfd8 17. Be2 Rac8 18. Qb2 Rb8 19. Qc2 Ne7 20. Ra4 Bd5 21. c4 Be4
22. Qc3 Ng4 23. h3 Nf6 24. Raa1 Ng6 25. Rd6 Bc6 26. Nbd2 Qa7 27. Qd4 Ne8 28. Bd3
Nxd6 29. Qxd6 Bxf3 30. Nxf3 Rdc8 31. Bxg6 fxg6 32. Ne5 Qxc5 33. Qxc5 Rxc5 34.
Nxd7 Rbc8 35. Nxc5 Rxc5 36. Ra4 Kf7 37. Kf1 e5 38. f3 Ke6 39. Ke2 Kd6 40. Kd3
Kc7 41. f4 exf4 42. exf4 g5 43. fxg5 Rxg5 44. Ra2 Kc6 45. Kd4 h5 46. Kc3 Rg3+
47. Kb4 g5 48. Rf2 Kc7 49. Rf7+ Kc6 50. Rf6+ Kb7 51. Kc5 Rxg2 52. Rf7+ Kc8 53.
Kc6 Kd8 54. c5 g4 55. hxg4 hxg4 56. Kb6 Rc2 57. Rg7 Rc4 58. c6 Rb4+ 59. Kxa6 g3
60. Rxg3 Kc7 61. Rg6 Ra4 62. Kb5 Ra1 63. Rg7+ Kc8 64. a6 Rb1+ 65. Kc5 Rc1+ 66.
Kd5 Rd1+ 67. Ke4 Re1+ 68. Kd3 Rd1+ 69. Ke2 Ra1 70. a7 Ra3 71. Rg8+ Kc7 72. a8=Q 1-0

[Event "SportAccord Blitz w 2014"]
[Site "Beijing CHN"]
[Date "2014.12.13"]
[Round "8.4"]
[White "Paehtz, Elisabeth"]
[Black "Muzychuk, Mariya"]
[Result "1/2-1/2"]
[WhiteTitle "IM"]
[BlackTitle "IM"]
[WhiteElo "2485"]
[BlackElo "2529"]
[WhiteFideId "4641833"]
[BlackFideId "14114550"]
[EventDate "2014.12.13"]

1. b3 f5 2. Bb2 Nf6 3. d4 g6 4. e3 Bg7 5. Be2 O-O 6. h4 h6 7. Nh3 d6 8. Nf4 Kh7
9. Nd2 Nc6 10. Nf3 Ng4 11. Ng5+ hxg5 12. hxg5+ Kg8 13. Bc4+ Rf7 14. Qf3 Qe8 15.
Qh3 Bh6 16. gxh6 Kh7 17. Nxg6 e6 18. Nf4 Rf6 19. Qg3 Bd7 20. d5 e5 21. dxc6 Bxc6
22. Nd5 Bxd5 23. Bxd5 Rg6 24. Qf3 c6 25. Bc4 Qd7 26. O-O-O a5 27. e4 fxe4 28.
Qe2 b5 29. f3 Nf6 30. Bxe5 bxc4 31. Rxd6 Qe7 32. Rxf6 Qxe5 33. Rf7+ Kh8 34. Kb1
e3 35. Rd1 a4 36. Qxc4 a3 37. c3 e2 38. Re1 Rd8 39. Qxe2 Qxc3 40. Rc1 Qd4 41. h7
Qd5 42. Re7 Qf5+ 43. Qc2 Qxc2+ 44. Kxc2 Rxg2+ 45. Kc3 Rxa2 46. Kb4 Ra8 47. Rxc6
Rd2 48. Rc1 Rd4+ 49. Kc3 Rf4 50. Ra1 Rxf3+ 51. Kb4 Rb8+ 52. Kxa3 Rfxb3+ 53. Ka2
Rb2+ 54. Ka3 R2b3+ 55. Ka2 Rb2+ 1/2-1/2

[Event "SportAccord Blitz w 2014"]
[Site "Beijing CHN"]
[Date "2014.12.13"]
[Round "8.5"]
[White "Ushenina, Anna"]
[Black "Cramling, Pia"]
[Result "1-0"]
[WhiteTitle "GM"]
[BlackTitle "GM"]
[WhiteElo "2494"]
[BlackElo "2518"]
[WhiteFideId "14110911"]
[BlackFideId "1700030"]
[EventDate "2014.12.13"]

1. d4 Nf6 2. Nf3 d5 3. e3 e6 4. Bd3 c5 5. c3 Nc6 6. O-O Be7 7. Nbd2 O-O 8. dxc5
Bxc5 9. b4 Bd6 10. Bb2 e5 11. e4 Ne7 12. Re1 Bg4 13. h3 Bh5 14. exd5 Nexd5 15.
Qb3 Nf4 16. Bf1 Re8 17. c4 e4 18. Bxf6 Qxf6 19. Nxe4 Rxe4 20. Rxe4 Qxa1 21. c5
Bc7 22. Qe3 Ne6 23. Nd4 Bg6 24. Nxe6 fxe6 25. Rxe6 Rf8 26. g3 Bf5 27. Re8 Bxh3
28. Qb3+ 1-0

[Event "SportAccord Blitz w 2014"]
[Site "Beijing CHN"]
[Date "2014.12.13"]
[Round "8.7"]
[White "Hou, Yifan"]
[Black "Harika, Dronavalli"]
[Result "1-0"]
[WhiteTitle "GM"]
[BlackTitle "GM"]
[WhiteElo "2673"]
[BlackElo "2505"]
[WhiteFideId "8602980"]
[BlackFideId "5015197"]
[EventDate "2014.12.13"]

1. b3 d6 2. Bb2 Nd7 3. c4 Ngf6 4. g3 g6 5. Bg2 Bg7 6. Nf3 O-O 7. d4 e5 8. O-O
Re8 9. Nc3 e4 10. Nd2 e3 11. Nde4 Nxe4 12. Nxe4 f5 13. Nc3 c6 14. Qd3 exf2+ 15.
Rxf2 Nf6 16. Re1 Bd7 17. e3 Qe7 18. e4 fxe4 19. Nxe4 Bf5 20. Rfe2 Nxe4 21. Bxe4
Bxe4 22. Rxe4 Qd7 23. Qe2 Rxe4 24. Qxe4 Rf8 25. Ba3 d5 26. cxd5 cxd5 27. Qe3 Rc8
28. Bb4 b6 29. a4 h5 30. Qd3 Qf5 31. Qxf5 gxf5 32. Rd1 Rc2 33. Bd6 Kf7 34. Rd3
a6 35. Bf4 b5 36. axb5 axb5 37. Bd2 Bf6 38. Kf1 Rb2 39. Ke1 Rb1+ 40. Kf2 Rh1 41.
h4 Rb1 42. Bf4 Rb2+ 43. Kf3 Rb1 44. Bd6 Ke6 45. Bc5 Rf1+ 46. Ke2 Rb1 47. Re3+
Kf7 48. Rf3 Ke6 49. Kd2 Bd8 50. Re3+ Kf6 51. Kc2 Rg1 52. Bd6 Rg2+ 53. Kd3 Ba5
54. b4 Bb6 55. Be5+ Kf7 56. Rf3 Ke6 57. Rf1 Rb2 58. Rc1 Kd7 59. Kc3 Re2 60. Ra1
Re3+ 61. Kc2 Rf3 62. Ra6 Kc6 63. Ra8 Rf2+ 64. Kd3 Rf3+ 65. Kd2 Rf2+ 66. Ke3 Rb2
67. Rh8 Rxb4 68. Rh6+ Kb7 69. Rxh5 Rb1 70. Rxf5 b4 71. Kd3 b3 72. Rf7+ Kc6 73.
Rf6+ Kb7 74. h5 Ba5 75. h6 Rd1+ 76. Ke2 Rh1 77. Rf3 b2 78. Rb3+ Kc6 79. Kf3 b1=Q
80. Rxb1 Rxb1 81. h7 Rh1 82. h8=Q Rxh8 83. Bxh8 Kd7 84. Kg4 Ke6 85. Kg5 Bd2+ 86.
Kg6 Be3 87. g4 Bf4 88. g5 Be3 89. Be5 Bd2 90. Bf6 Be3 91. Be5 Bd2 92. Kh5 Bc1
93. g6 Bd2 94. Kg4 Bh6 95. Kf3 Bc1 96. Ke2 Bh6 97. Kd3 Bf8 98. g7 1-0

[Event "SportAccord Blitz w 2014"]
[Site "Beijing CHN"]
[Date "2014.12.13"]
[Round "8.8"]
[White "Gunina, Valentina"]
[Black "Kosintseva, Tatiana"]
[Result "0-1"]
[WhiteTitle "GM"]
[BlackTitle "GM"]
[WhiteElo "2522"]
[BlackElo "2483"]
[WhiteFideId "4167570"]
[BlackFideId "4133471"]
[EventDate "2014.12.13"]

1. d4 Nf6 2. c4 e6 3. Nf3 Bb4+ 4. Bd2 a5 5. g3 d6 6. Bg2 Nbd7 7. O-O O-O 8. Nc3
e5 9. dxe5 dxe5 10. Qc2 c6 11. Rad1 Qe7 12. Nh4 Nc5 13. a3 Bxc3 14. Bxc3 a4 15.
Nf3 Nfd7 16. Nd2 f5 17. e4 f4 18. Nf3 b6 19. Bh3 Nf6 20. Bxc8 Raxc8 21. Bxe5
Nfxe4 22. gxf4 Qe6 23. Kh1 Qh3 24. Ng1 Qf5 25. Qe2 Ne6 26. Rfe1 N4c5 27. Qf3
Nxf4 28. Bd6 Rf7 29. Re5 Qf6 30. Rde1 Qxd6 31. Qg4 Rcf8 32. Re8 Ncd3 33. Rxf8+
Rxf8 34. Rf1 Qd4 35. Nh3 Qxc4 36. Rg1 Qd4 37. Rg3 Qxb2 38. Qd7 Qa1+ 39. Rg1 Qf6
40. Nxf4 Nxf4 41. Re1 c5 42. Re7 Qa1+ 0-1